|
|
|
|
| LEADER |
00000nam a22000007a 4500 |
| 008 |
171116b2017 cr ||||| |||| 00| | spa d |
| 999 |
|
|
|c 3459
|d 3459
|
| 090 |
|
|
|a 06.03.06
|b 2435
|
| 100 |
1 |
|
|9 2648
|a Solano Mora, Ileana
|
| 245 |
1 |
0 |
|a Evaluación de los modelos pedagógicos que se desarrollan en el Centro Infantil Laboratorio (CIL) de la Sede Rodrigo Facio, de la Universidad de Costa Rica / Ileana Solano Mora
|
| 260 |
|
|
|a [San José, Costa Rica] :
|b INIE,
|c 2017
|
| 300 |
|
|
|a 110 páginas
|
| 500 |
|
|
|a Informe Proyecto de Investigación Nº 724-B4-381
|
| 650 |
1 |
4 |
|9 455
|a EDUCACIÓN PREESCOLAR
|
| 650 |
1 |
4 |
|9 830
|a MODELO EDUCACIONAL
|
| 650 |
1 |
4 |
|9 342
|a CURRÍCULO (EDUCACIÓN)
|
| 650 |
1 |
4 |
|9 419
|a CONSTRUCTIVISMO (EDUCACIÓN)
|
| 942 |
|
|
|i 004385
|h 06.03.06 2435
|2 z
|c 04
|